| 000 | 00804pam a2200253 a 4500 | ||
|---|---|---|---|
| 999 |
_c3991 _d3991 |
||
| 001 | 1389323 | ||
| 003 | GBCCL | ||
| 005 | 20241126110508.0 | ||
| 008 | 821028s1982 tnuaf 000 0 eng | ||
| 010 | _a 82022264 | ||
| 020 |
_a084075812X (pbk.) : _c$5.95 |
||
| 040 |
_aDLC _cDLC _dDLC |
||
| 050 | 0 | 0 |
_aBV2370.B653 _bP83 1982 |
| 082 | 0 | 0 |
_a266 _219 _bPUD |
| 100 | 1 |
_aPudaite, Rochunga. _93788 |
|
| 245 | 1 | 0 |
_aMy billion Bible dream / _cby Rochunga Pudaite, with James Hefley. |
| 260 |
_aNashville : _bT. Nelson, _cc1982. |
||
| 300 |
_a176 p., [2] leaves of plates : _bill. ; _c21 cm. |
||
| 600 | 1 | 0 |
_aPudaite, Rochunga. _93788 |
| 610 | 2 | 0 |
_aBibles for the World (Organization) _xHistory. _99395 |
| 700 | 1 |
_aHefley, James C. _9494 |
|
| 906 |
_a7 _bcbc _corignew _d1 _eocip _f19 _gy-gencatlg |
||
| 942 |
_2ddc _cBK |
||